<The> Food Brands in the Context of Sales Promotion of Slovak Foods

Podpora predaja ako nástroj marketingovej komunikácie. Slovenské potravinové značky v kontexte podpory predaja; európska úroveň (chránené označenie pôvodu, chránené zemepisné označenie, zaručená tradičná špecialita), štátna úroveň (napr. Značka kvality SK) a ďalšie úrovne (napr. Kvalita z našich reg...

Full description

Saved in:
Bibliographic Details
Main Author: Krnáčová, Paulína, 1983-
Format: Book Chapter
Language:English
Subjects:
Tags: Add Tag
No Tags, Be the first to tag this record!

MARC

LEADER 00000naa a2200000 $4500
001 0246380
005 20240502083657.5
041 0 |a eng 
044 |a PL 
245 1 0 |a <The> Food Brands in the Context of Sales Promotion of Slovak Foods  |c Paulína Krnáčová 
520 |a Podpora predaja ako nástroj marketingovej komunikácie. Slovenské potravinové značky v kontexte podpory predaja; európska úroveň (chránené označenie pôvodu, chránené zemepisné označenie, zaručená tradičná špecialita), štátna úroveň (napr. Značka kvality SK) a ďalšie úrovne (napr. Kvalita z našich regiónov, Vyrobené na Slovensku, Slovak Gold, Slovenský výrobok). Analýza významu značiek potravín v kontexte podpory predaja slovenských potravín a spotrebiteľského vnímania slovenských potravinárskych značiek; výsledky dotazníkového prieskumu. 
610 2 0 |a komunikácia marketingová 
610 2 0 |a podpora predaja 
610 2 0 |a priemysel potravinársky 
610 2 0 |a potraviny 
610 2 0 |a označovanie tovarov 
610 2 0 |a značky 
610 2 0 |a značky výrobkov 
610 2 0 |a označenie zemepisné 
610 2 0 |a správanie spotrebiteľa 
610 2 0 |a rozhodovanie nákupné 
610 2 0 |a Slovensko 
610 2 0 |a prieskum 
100 1 |a Krnáčová, Paulína, 1983-